000 00692nam a2200217Ia 4500
003 IN-BaIIA
008 211028s9999 xx 000 0 eng d
020 _a0-471-54879-0
040 _cIIA Library
080 _a524:519.682
_bDAN
100 _aDanby, J. M. A.,
_94232
245 0 _aAstrophysics simulations: the consortium for upper-level physics software. (One floppy disc 3.5" included).
_cJ. M. A Danby
260 _aNew York
_bJohn Wiley & Sons
_c1995
300 _axvii,199p.
650 _aAstronomy-Data Processing
_912215
650 _aAstrophysics
_9794
650 _aComputer Simulation
_910177
650 _aSimulations
_920040
650 _aSoftware Disc
_920041
942 _cBK
999 _c11604
_d11604